Decreto del Soberano Congreso Mexicano para las elecciones que deberán hacer las provincias, de los diputados que han de componer el que constituya la nacion

Detalles Bibliográficos
Autor Corporativo: México. Supremo Poder
Formato: Libro
Lenguaje:Spanish
Publicado: Mexico : imprenta del Supremo Gobierno en Palacio, 1823.
Materias:
Colección:Banco de datos
Acervo:Biblioteca Palafoxiana. Colección de Pliegos Sueltos
Descripción Física:[5] h. ; f°
Tema general:Derecho civil
LEADER 00703nam a22001930004500
035 |a 1859 
041 0 |a spa 
082 0 4 |a FR/PAFX/IMPS/C071/02168 
110 1 |a México. Supremo Poder 
240 0 0 |a (Decreto. 1823) 
245 1 0 |a Decreto del Soberano Congreso Mexicano para las elecciones que deberán hacer las provincias, de los diputados que han de componer el que constituya la nacion 
260 |a Mexico : imprenta del Supremo Gobierno en Palacio, 1823. 
300 |a [5] h. ; f° 
610 1 4 |a México - Historia - Regencia e imperio, 1821-1823 
650 1 0 |a Derecho civil 
949 |a I02168 
942 |c PALAPLIE 
943 |g Biblioteca Palafoxiana. Colección de Pliegos Sueltos 
999 |c 1075149  |d 1075149